000 00746nam a2200217 4500
001 138640
003 ES-MaACL
005 20230906195614.0
007 t|
008 070214s1950 it r ||||1| ita d
100 1 _aSantangelo, Antonino.
_9103342
245 1 3 _aEl museo del Palazzo Venezia /
_cAntonino Santangelo.
260 _aRoma :
_bEnte provinciale per il turismo,
_c1950.
300 _a32 p. :
_bil. ;
_c17 cm.
490 1 _aPequeña guía de los museos y de las galerías de Roma
610 2 4 _aMuseo di Palazzo Venezia.
_9173328
710 2 _aEnte provinciale per il turismo (Roma)
_93480
830 1 _aPequeña guía de los museos y de las galerías de Roma
_9181931
852 _aES-MaACL
_j1945-F-8
999 _c138640
_d138640